Cận đại Việt sử diễn ca
Đã lưu trong:
| Hovedforfatter: | |
|---|---|
| Format: | Bog |
| Sprog: | Undetermined |
| Udgivet: |
Sài gòn
Dân sanh phục vụ xã
1962
|
| Fag: | |
| Tags: |
Tilføj Tag
Ingen Tags, Vær først til at tagge denne postø!
|
| Thư viện lưu trữ: | Trung tâm Học liệu Trường Đại học Cần Thơ |
|---|
| LEADER | 00487nam a2200169Ia 4500 | ||
|---|---|---|---|
| 001 | CTU_10955 | ||
| 008 | 210402s9999 xx 000 0 und d | ||
| 082 | |a 959.704 | ||
| 082 | |b K310 | ||
| 100 | |a Huỳnh Thiên Kim | ||
| 245 | 0 | |a Cận đại Việt sử diễn ca | |
| 245 | 0 | |c Huỳnh Thiên Kim | |
| 260 | |a Sài gòn | ||
| 260 | |b Dân sanh phục vụ xã | ||
| 260 | |c 1962 | ||
| 650 | |a vietnam - history | ||
| 980 | |a Trung tâm Học liệu Trường Đại học Cần Thơ | ||